000 01267nam0a22002771 4500
001 rc\3928119
005 20130415111958.9
021 _aRU
_b[48-28719]
035 _a(NLR Aleph) 008030382
090 _a8817333
_c8817333
100 _a20130415d1948 |||y0rusy50 ca
101 0 _arus
102 _aRU
105 _ay z |||||
200 1 _aМетодическое пособие мастеру школы ФЗО для проведения занятий по техминимуму по специальности столяр-белодеревец
_fСост. инж. Г.А. Анохин
_gМ-во труд. резервов СССР. Учеб.-метод. упр.
210 _aМосква
_cИзд-во и тип. Трудрезервиздата
_d1948
215 _a63 с.
_d20
300 _aНа обл. сост. не указан
606 _aСтолярное дело
_jМетодические пособия
_2psbo
700 1 _aАнохин
_bГ. А.
_gГригорий Александрович
_4220
712 0 1 _aСССР
_bМ-во трудовых резервов
_bУчеб.-метод. упр
_3RU\NLR\AUTH\8810164658
801 0 _aRU
_bNLR
_gpsbo
801 1 _aRU
_bELAR
_2rusmarc
852 _aNLR
_jПр30 Г-4/1236
942 _cBOOK
980 _aNB